Hilbert space methods in partial differential equations

Αποθηκεύτηκε σε:
Λεπτομέρειες βιβλιογραφικής εγγραφής
Κύριος συγγραφέας: Showalter, R. E. (Ralph Edwin), 1942-
Μορφή: Βιβλίο
Γλώσσα:English
Δημοσίευση: Mineola, Ney York : Dover, c2010
Σειρά:Dover books on mathematics
Θέματα:
Ετικέτες: Προσθήκη ετικέτας
Δεν υπάρχουν, Καταχωρήστε ετικέτα πρώτοι!

MARC

LEADER 00000nam a2200000 i 4500
001 1/29404
008 130514s2010 eng d
020 |a 978-0-486-47443-4 (pbk.) 
020 |a 0-486-47443-7 (pbk.) 
035 |l 10114372 
040 |a GR-MY-UA  |b gre  |e aacr 
041 0 |a eng 
082 0 |a 515.733  |2 (22) 
100 1 |a Showalter, R. E.   |q (Ralph Edwin),   |d 1942- 
245 1 0 |a Hilbert space methods in partial differential equations /  |c Ralph E. Showalter 
260 |a Mineola, Ney York :   |b Dover,   |c c2010 
300 |a vi, 212 σ.;  |c 23 εκ. 
490 1 |a Dover books on mathematics 
504 |a Βιβλιογραφία: σ.209-212 
650 0 0 |a Hilbert space. 
650 0 0 |a Differential equations. 
830 0 |a Dover books on mathematics 
852 |a INST  |b CHIOS  |e 20130514  |h 515.733 SHO  |p 005200035361  |q 005200035361  |t BK  |y 0 
901 |a BIBL2-2013-1 
909 |a Χ  |b 177323 
922 |a 2ΕΛΗ  |b 201210  |c ΤΑΚ/ΤΜΟΔ  |d ΙΩΑΝΝΙΔΟΥ 
970 |a ΣΠΕΝΤΖΑ  |b ΕΛΕΝΗ  |z 2013/05/14